000 01103cam a2200133 4500500
005 20251214002642.0
041 _afre
042 _adc
100 1 0 _aNeveu, Franck
_eauthor
245 0 0 _aLexique des notions linguistiques
260 _bArmand Colin,
_c2017.
520 _aLe champ de la linguistique, ou science du langage, demande aux étudiants de s’approprier un vocabulaire précis : ce lexique leur offre des définitions détaillées pour comprendre et assimiler les termes techniques propres à la discipline. Ce sont plus de 200 notions fondamentales qui sont expliquées ici. Sont privilégiées les notions descriptives qui se prêtent à de nombreuses applications en lettres et en langues. Sous une forme claire, avec de nombreux exemples, ce lexique permet également de relier les notions entre elles et d’appréhender tous les domaines constitutifs de la linguistique : phonétique, phonologie, morphologie, syntaxe, sémantique, pragmatique, etc.
856 4 1 _uhttps://shs.cairn.info/lexique-des-notions-linguistiques--9782200617776?lang=fr&redirect-ssocas=7080
999 _c1567281
_d1567281